Minecraft Mobs: Breeze - Statistics

General Stats
  • This quiz has been taken 8 times
    6 since last reset
  • The average score is 9 of 12
Answer Stats
Question Answer % Correct
How many health points does a breeze have? 30
100%
How high can a breeze jump in blocks? 5
100%
What item does a breeze drop? Breeze Rod
100%
How far can a breeze jump in blocks? 15
80%
How many spinning rods hover below a breeze's head? 3
80%
How many different unique rooms in that structure generate with a breeze spawner? 5
80%
What mode of transportation does a breeze have a unique interaction with? Boat
80%
What's the only structure a breeze can spawn in? Trial Chambers
80%
What is a breeze's width in blocks? 0.6
60%
What's the minimum number of seconds between a breeze's attempts to shoot wind charges? 1.6
60%
What advancement do you get when you kill a breeze by deflecting one of its wind charges? Blowback
40%
What is a breeze's height in blocks? 1.77
0%
No matching quizzes found
Score Distribution
Percent of People with Each Score
Percentile by Number Answered
Your Score History
You have not taken this quiz since the last reset